000 00327nam a22001337a 4500
999 _c14819
_d14819
020 _a8186099921
082 _a630
_bARU/FU
100 _aArun Katyayan
_92040
245 _aFundamentals of agriculture, Vol.2
250 _a7th
260 _aVaranasi
_bKushal Publications and Distributors
_c2016
300 _a539p.
942 _cBK